A hangulat élettani alapjai.

Elmentve itt :
Bibliográfiai részletek
Szerző: Péterfi Tibor
Adatforrás:Philobibl
Forrásdokumentuma:Uránia
1904. évf., 399-401.p. p.
Dokumentumtípus: Cikk
Nyelv:magyar
LEADER 00280nab a2200097 c 4500
001 bibDOK00026719
005 20200924122123.9
008 060518s1904 xx hun
100 1 |a Péterfi Tibor 
245 1 2 |a A hangulat élettani alapjai.  |c Péterfi Tibor 
773 0 |t Uránia  |g 1904. évf., 399-401.p. p.